• 首页
  • 本馆介绍
  • 公告通知
  • 最新文献
  • 馆藏检索
  • 电子资源
  • 读者导购
  • 参考咨询
  • 我的图书馆
  • 登录
  • 详细信息显示
  • 放入我的书架
  • 预约/预借图书
  • 作者相关作品
  • 分类相关作品
  • 丛书相关作品
  • 出版社相关作品

书目信息

  • 表格格式
  • 工作单格式
  • 卡片格式
题名:
宫东风教授考研英语
    
 
作者: ;宫东风英语教学团队 编
分册: 2008   考研英语疑难句分析
出版信息: 西安   西安交通大学出版社  2007
页数: 154页
开本: 21cm
丛书名:
单 册:
中图分类: H319.4 , H31
科图分类:
主题词: 英语--研究生--入学考试--升学参考资料 , 英语--阅读教学--研究生--入学考试--升学参考资料
电子资源:
ISBN: 978-7-5605-2460-3
000 01188nam0 2200265 450
001 012007046677
005 20070801165909.57
010    @a978-7-5605-2460-3@dCNY10.80@z7-5605-2460-5
100    @a20070613d2007 em y0chiy0110 ea
101 0  @achi@aeng
102    @aCN@b610000
105    @ay z 000yy
200 1  @a宫东风教授考研英语@9gong dong feng jiao shou kao yan ying yu@i考研英语疑难句分析@h2008@f宫东风英语教学团队编
210    @a西安@c西安交通大学出版社@d2007
215    @a154页@d21cm
312    @a版权页题名:2008年宫东风教授考研英语·考研英语疑难句分析
330    @a本书将1997~2007年考研阅读理解真题中所有的疑难句进行了适合中国学生学习习惯的归纳和分类,旨在通过迅速提高考生英语水平的同时,教会考生破解英语考题的方法和途径。
517 1  @a2008年宫东风教授考研英语·考研英语疑难句分析@92008 nian gong dong feng jiao shou kao yan ying yu· kao yan ying yu yi nan ju fen xi
606 0  @a英语@x研究生@x入学考试@j升学参考资料
606 0  @a英语@x阅读教学@x研究生@x入学考试@j升学参考资料
690    @aH319.4@v4
690    @aH31@v4
711 02 @a宫东风英语教学团队@9gong dong feng ying yu jiao xue tuan dui@4编
801  0 @aCN@bRENTIAN@c20070801
905    @a10447@dH31@e1382
    
    宫东风教授考研英语.考研英语疑难句分析.2008/宫东风英语教学团队编.-西安:西安交通大学出版社,2007
    154页;21cm
    
    
    ISBN 978-7-5605-2460-3:CNY10.80
    本书将1997~2007年考研阅读理解真题中所有的疑难句进行了适合中国学生学习习惯的归纳和分类,旨在通过迅速提高考生英语水平的同时,教会考生破解英语考题的方法和途径。
●
相关链接 在E读中查询图书 在五车中查询图书 在当当中查询图书 在豆瓣中查询图书


正题名:宫东风教授考研英语     索取号:H31/1382         预约/预借

序号 登录号 条形码 馆藏地/架位号 状态 备注
1 0800794   208007949   第二样本阅览室/ [索取号:H31/1382] 在馆    
2 0800795   208007958   第四借阅区/ [索取号:H31/1382] 在馆    
3 0800796   208007967   第四借阅区/ [索取号:H31/1382] 在馆    
4 0800797   208007976   第四借阅区/ [索取号:H31/1382] 在馆    
5 0800798   208007985   第四借阅区/ [索取号:H31/1382] 在馆    
6 0800799   208007994   第四借阅区/ [索取号:H31/1382] 在馆    
唐山师范学院图书馆 欢迎您!
大连网信软件有限公司© 版权所有